1155 1913 1735 1436 1919 1348 1352 1752 1948 1289 1603 1560 1373 1955 1890 1096 1397 1420 1077 1310 1643 1787 1726 1654 1911 1644 1797 1896 1785 1695 1192 1719 1801 1722 1994 1875 1691 1632 1200 1089 1228 1625 1938 1195 1370 1396 1682 1153 1253 1360 1908 1885 1897 1015 1802 1208 1839 1055 1353 1498 1140 1287 1009 1305 1315 1511 1900 1822 1911 1895 1943 1743 1937 1558 1048 1013 1951 1012 1741 1224 1982 1280 1129 1678 1940 1754 1676 1664 1294 1902 1277 1532 1216 1189 1862 1014 1148 1725 1396 BCNSPRNW ULIB Ver.6.0+V

เปลี่ยนเป็นภาษาไทย

Change to English
 แสดงรายละเอียดบรรณานุกรม
  กลับหน้าหลัก

Brief Record : Get Marc (ISO 2709) : E-mail record : QR code < ปิดหน้าต่าง
LEADER : 00000nas 2200000uu 4500
001    13399122401
003     ULIB
008    020711s|||| th a 000 0 tha d
022    08591083
110    สำนักงานป้องกันควบคุมโรคที่ 5
245    วารสารวิชาการ สำนักงานป้องกันควบคุมโรคที่ 5 จังหวัดนครราชสีมา (วิทยาเขตนครสวรรค์)/^cสำนักงานป้องกันควบคุมโรคที่ 5
260    นครราชสีมา :^bสำนักงานป้องกันควบคุมโรคที่ 5
310    ^aรายสี่เดือน
850    ^aปีที่ 19 ฉบับที่ 1;ปีที่ 19 ฉบับที่ 2;ปีที่ 18 ฉบับที่ 2;ปีที่ 18 ฉบับที่ 3
945    ^p0^l0^i800446
945    ^p0^l0^i800638
945    ^p0^l0^i902013
945    ^p0^l0^i902014
999    ^aทศพร เกษรทอง
รายการนี้ยังไม่มีแท็ก
คุณยังไม่ได้ล็อกอิน คุณสามารถมีกิจกรรมร่วมกับเว็บไซต์ได้ แต่ต้องล็อกอินก่อน ::
  ล็อกอิน

รายการสื่อสารสนเทศ (วารสาร)

ดูแบบ: กล่อง รายการ
ARRIVED
ปีที่ 18 ฉบับที่ 2
สถานที่: ห้องสมุดวิทยาเขตสวรรค์ประชารักษ์ >วารสาร
ARRIVED
ปีที่ 18 ฉบับที่ 3
สถานที่: ห้องสมุดวิทยาเขตสวรรค์ประชารักษ์ >วารสาร
ARRIVED
ปีที่ 19 ฉบับที่ 1
สถานที่: ห้องสมุดวิทยาเขตสวรรค์ประชารักษ์ >วารสาร
ARRIVED
ปีที่ 19 ฉบับที่ 2
สถานที่: ห้องสมุดวิทยาเขตนครสวรรค์ >วารสาร

BibComment


ยังไม่เคยถูกคอมเมนท์

คอมเมนท์ทรัพยากรรายการนี้
  คอมเมนท์: วารสารวิชาการ สำน..


 Copyright 2026. Bcnsprnw @Library